Samson /. (Record no. 42599)
[ view plain ]
| 000 -LEADER | |
|---|---|
| fixed length control field | 00438nam a22001691a 4500 |
| 003 - CONTROL NUMBER IDENTIFIER | |
| control field | NEGST |
| 005 - DATE AND TIME OF LATEST TRANSACTION | |
| control field | 20110718133827.0 |
| 008 - FIXED-LENGTH DATA ELEMENTS--GENERAL INFORMATION | |
| fixed length control field | 030714s1993 001 0 eng d |
| 020 ## - INTERNATIONAL STANDARD BOOK NUMBER | |
| International Standard Book Number | 1565071662 |
| 100 1# - MAIN ENTRY--PERSONAL NAME | |
| Personal name | Traylor, Ellen Gunderson. |
| 245 10 - TITLE STATEMENT | |
| Title | Samson /. |
| 260 ## - PUBLICATION, DISTRIBUTION, ETC. (IMPRINT) | |
| Place of publication, distribution, etc | Eugene : |
| Name of publisher, distributor, etc | Harvest House Publishers, |
| Date of publication, distribution, etc | 1993. |
| 300 ## - PHYSICAL DESCRIPTION | |
| Extent | 351p. |
| 590 ## - LOCAL NOTE (RLIN) | |
| Local note | Accession number: 30571 |
| 630 00 - SUBJECT ADDED ENTRY--UNIFORM TITLE | |
| Uniform title | Bible. O.T. Fiction |
| General subdivision | Samson. |
| Withdrawn status | Lost status | Source of classification or shelving scheme | Damaged status | Not for loan | Collection code | Home library | Current library | Shelving location | Date acquired | Cost, normal purchase price | Total Checkouts | Full call number | Barcode | Date last seen | Date checked out | Copy number | Price effective from | Koha item type |
|---|---|---|---|---|---|---|---|---|---|---|---|---|---|---|---|---|---|---|
| Library of Congress Classification | Fiction | AIU/NEGST - Tony Wilmot Memorial Library | AIU/NEGST - Tony Wilmot Memorial Library | Fiction | 01/25/2010 | 8.50 | 1 | FIC PS 3570.R357S26 1993 | R08575M3232 | 09/15/2022 | 09/02/2022 | 1 | 01/25/2010 | Books |
